| 000 -LEADER |
| fixed length control field |
00429cam a22001337a 4500 |
| 008 - FIXED-LENGTH DATA ELEMENTS--GENERAL INFORMATION |
| fixed length control field |
180718b1948 xxu||||| |||| 00| 0 eng d |
| 082 ## - DEWEY DECIMAL CLASSIFICATION NUMBER |
| Classification number |
N71x5452 M267 |
| 100 ## - MAIN ENTRY--PERSONAL NAME |
| Personal name |
Madras. Prohibition Enquiry Committee |
| 245 ## - TITLE STATEMENT |
| Title |
Report of the Madras Prohibition Enquiry Committee, 1948 |
| 260 ## - PUBLICATION, DISTRIBUTION, ETC. |
| Place of publication, distribution, etc. |
Madras |
| Name of publisher, distributor, etc. |
The author |
| Date of publication, distribution, etc. |
1948 |
| 300 ## - PHYSICAL DESCRIPTION |
| Extent |
83+p. |
| 500 ## - GENERAL NOTE |
| General note |
Chairman: K.A. Nachiappa Gounder |
| 700 ## - ADDED ENTRY--PERSONAL NAME |
| Personal name |
Gounder, K.A. Nachiappa (Chairman) |